[Event "Olympiad-44"]
[Site "Chennai"]
[Date "2022.08.05"]
[Round "7.4"]
[White "Berg, Emanuel"]
[Black "Mehdi, Hasan Parag"]
[Result "1-0"]
[WhiteElo "2533"]
[BlackElo "2227"]
[PlyCount "175"]
[EventDate "2022.07.29"]
[EventType "team-swiss"]
[EventRounds "11"]
[EventCountry "IND"]
[SourceTitle "CBM 210"]
[Source "ChessBase"]
[SourceDate "2022.10.31"]
[SourceVersion "1"]
[SourceVersionDate "2022.10.31"]
[SourceQuality "1"]
[WhiteTeam "Sweden"]
[BlackTeam "Bangladesh"]
[WhiteTeamCountry "SWE"]
[BlackTeamCountry "BAN"]

1. e4 c6 2. d4 d5 3. Nc3 dxe4 4. Nxe4 Bf5 5. Ng3 Bg6 6. h4 h6 7. Nf3 Nd7 8. h5 Bh7 9. Bd3 Bxd3 10. Qxd3 e6 11. Bd2 Ngf6 12. 0-0-0 Be7 13. Kb1 0-0 14. Qe2 c5 15. Bc1 Rc8 16. Nf1 cxd4 17. Nxd4 Qb6 18. c4 Nc5 19. f3 Rfd8 20. Be3 Na4 21. Nb3 Qa6 22. Rxd8+ Rxd8 23. Ng3 Qd6 24. Bf2 b6 25. Nd4 Qd7 26. Nc2 Bc5 27. Bxc5 bxc5 28. Qe3 Qd6 29. Ne2 Qd2 30. Qxd2 Rxd2 31. Nf4 e5 32. Kc1 Rxc2+ 33. Kxc2 exf4 34. Rh4 Kf8 35. b3 Nb6 36. Rxf4 Nbd7 37. Rh4 Ke7 38. Rh1 Ne5 39. Kd2 Nc6 40. g4 Nd4 41. Ke3 Kd6 42. Rh2 a5 43. Rd2 Ke5 44. Rg2 Nd7 45. f4+ Ke6 46. g5 Nb8 47. Ke4 Nbc6 48. gxh6 gxh6 49. Rg8 Nf5 50. Re8+ Nce7 51. Ra8 Nd6+ 52. Kf3 Nc6 53. Kg4 f5+ 54. Kf3 Ke7 55. Rh8 Nf7 56. Rc8 Kd7 57. Rg8 Ke7 58. Rc8 Kd7 59. Rg8 Ke7 60. Ke3 Ncd8 61. Rg6 Ne6 62. a4 Nd4 63. Ra6 Nxb3 64. Kd3 Nd6 65. Kc3 Nd4 66. Rxa5 Ne2+ 67. Kb3 Nxf4 68. Ra7+ Ke6 69. a5 Ne2 70. Rh7 Nd4+ 71. Kc3 Nf7 72. a6 Nc6 73. Rg7 Na7 74. Rg6+ Ke7 75. Kd2 f4 76. Ke2 Kd7 77. Rf6 Ke7 78. Rg6 Kd7 79. Rf6 Ke7 80. Rf5 Nd8 81. Rxf4 Ne6 82. Rg4 Nc6 83. Ke3 Ng5 84. Rg1 Kd6 85. Rxg5 hxg5 86. h6 Ne5 87. h7 Nxc4+ 88. Ke2 1-0

[Event "Dhaka Chowdhury Memorial op-A 2nd"]
[Site "Dhaka"]
[Date "2022.07.04"]
[Round "3"]
[White "Sadnan Hasan, Dihan"]
[Black "Mehdi, Hasan Parag"]
[Result "0-1"]
[WhiteElo "2107"]
[BlackElo "2227"]
[PlyCount "41"]
[EventDate "2022.07.02"]
[EventType "swiss"]
[EventRounds "8"]
[EventCountry "BAN"]
[SourceTitle "EXT 2023"]
[Source "ChessBase"]
[SourceDate "2022.10.05"]
[SourceVersion "1"]
[SourceVersionDate "2022.10.05"]
[SourceQuality "1"]

1. d4 Nf6 2. c4 e6 3. g3 d5 4. Bg2 Bb4+ 5. Nd2 0-0 6. Ngf3 dxc4 7. Qc2 a5 8. a3 Bxd2+ 9. Bxd2 b5 10. a4 c6 11. e4 h6 12. g4 e5 13. g5 hxg5 14. Bxg5 exd4 15. e5 d3 16. Qd2 Ne4 17. Bxd8 Nxd2 18. Nxd2 Rxd8 19. axb5 Be6 20. bxc6 Ra7 21. Ra4 0-1

[Event "Dhaka Chowdhury Memorial op-A 2nd"]
[Site "Dhaka"]
[Date "2022.07.03"]
[Round "2"]
[White "Mehdi, Hasan Parag"]
[Black "Masum, Hossain"]
[Result "0-1"]
[WhiteElo "2227"]
[BlackElo "2100"]
[PlyCount "80"]
[EventDate "2022.07.02"]
[EventType "swiss"]
[EventRounds "8"]
[EventCountry "BAN"]
[SourceTitle "EXT 2023"]
[Source "ChessBase"]
[SourceDate "2022.10.05"]
[SourceVersion "1"]
[SourceVersionDate "2022.10.05"]
[SourceQuality "1"]

1. e4 e6 2. d4 d5 3. e5 c5 4. c3 Nc6 5. Nf3 Bd7 6. Bd3 Qb6 7. dxc5 Bxc5 8. b4 Bxf2+ 9. Ke2 Nh6 10. Qd2 d4 11. Qg5 dxc3 12. b5 Nb4 13. Ba3 Bc5 14. Bxb4 Bxb4 15. a4 0-0 16. Qf4 Qc5 17. Rc1 a6 18. Nbd2 f5 19. exf6 Rxf6 20. Qe4 Nf5 21. Nb3 Qa7 22. Rf1 Re8 23. Ne5 Bc8 24. Ng4 Rg6 25. Qxb4 Rxg4 26. b6 Rxb4 27. bxa7 Bd7 28. Nc5 Rb2+ 29. Ke1 Bc6 30. Bc4 Nd4 31. Rc1 b6 32. Nxa6 Nc2+ 33. Rxc2 Rxc2 34. Nc7 Rc1+ 35. Ke2 Rxf1 36. Kd3 Rd8+ 37. Kxc3 Rc1+ 38. Kb3 Bxa4+ 39. Kb4 Rxc4+ 40. Kxc4 Bc6 0-1

[Event "Titled Tuesday intern op 14th Jun Early"]
[Site "Chess.com INT"]
[Date "2022.06.14"]
[Round "9"]
[White "Musat, Adrian"]
[Black "Mehdi, Hasan Parag"]
[Result "1-0"]
[WhiteElo "2378"]
[BlackElo "2227"]
[PlyCount "65"]
[EventDate "2022.06.14"]
[EventType "swiss (blitz)"]
[EventRounds "11"]
[EventCountry "USA"]
[SourceTitle "EXT 2023"]
[Source "ChessBase"]
[SourceDate "2022.10.05"]
[SourceVersion "1"]
[SourceVersionDate "2022.10.05"]
[SourceQuality "1"]

1. d4 Nf6 2. c4 e6 3. Nc3 Bb4 4. e3 d5 5. Nge2 c6 6. a3 Ba5 7. b4 Bc7 8. Ng3 0-0 9. Bd3 a5 10. Bb2 axb4 11. axb4 Rxa1 12. Qxa1 Na6 13. Ba3 dxc4 14. Bxc4 e5 15. 0-0 exd4 16. exd4 Qxd4 17. Bxa6 bxa6 18. Rd1 Qh4 19. b5 axb5 20. Bxf8 Ng4 21. h3 Nxf2 22. Kxf2 Qxg3+ 23. Kg1 Qh2+ 24. Kf1 Kxf8 25. Qa3+ Kg8 26. Qa8 Qf4+ 27. Kg1 Qh2+ 28. Kf2 Bb6+ 29. Kf3 Qc7 30. Ne4 g5 31. Nd6 Qe7 32. Qxc8+ Kg7 33. Nf5+ 1-0

[Event "Dhaka Walton op"]
[Site "Dhaka"]
[Date "2022.04.09"]
[Round "6"]
[White "Islam, Khandaker Aminul"]
[Black "Mehdi, Hasan Parag"]
[Result "1-0"]
[WhiteElo "2176"]
[BlackElo "2230"]
[PlyCount "105"]
[EventDate "2022.04.04"]
[EventType "swiss"]
[EventRounds "9"]
[EventCountry "BAN"]
[SourceTitle "CBM 207 Extra"]
[Source "ChessBase"]
[SourceDate "2022.05.31"]
[SourceVersion "1"]
[SourceVersionDate "2022.05.31"]
[SourceQuality "1"]

1. d4 Nf6 2. Nf3 d5 3. c4 e6 4. g3 Bb4+ 5. Bd2 a5 6. Bg2 0-0 7. 0-0 dxc4 8. Bg5 h6 9. Bxf6 Qxf6 10. a3 Bd6 11. Qa4 Nc6 12. Qxc4 e5 13. d5 Ne7 14. Nc3 b5 15. Qxb5 Ba6 16. Qa4 Qg6 17. Rac1 Rfb8 18. Qc2 f5 19. Rfd1 Bc4 20. Nd2 Ba6 21. Bf1 e4 22. e3 h5 23. Bxa6 Rxa6 24. Nc4 Qf6 25. Qe2 Ng6 26. Qxh5 Kf7 27. g4 Qh4 28. Qxf5+ Kg8 29. Qh5 Bxh2+ 30. Kg2 Rf8 31. Qxh4 Nxh4+ 32. Kf1 Rg6 33. Nxe4 Rxg4 34. Ncd2 Rf5 35. Rc5 a4 36. Ke2 Ng6 37. Rdc1 Be5 38. R1c4 Rg2 39. Rxa4 Bd6 40. Ra8+ Kh7 41. Rc1 Ne5 42. Rf1 Ng4 43. Nf3 Rh5 44. Re8 Kg6 45. Re6+ Nf6 46. Nxd6 cxd6 47. e4 Kf7 48. Rg1 Rxg1 49. Nxg1 Rh1 50. Kf1 Rh8 51. f3 Rd8 52. Nh3 Nh5 53. b4 1-0

[Event "Dhaka Walton op"]
[Site "Dhaka"]
[Date "2022.04.08"]
[Round "5"]
[White "Rahman, Ziaur"]
[Black "Mehdi, Hasan Parag"]
[Result "1/2-1/2"]
[WhiteElo "2427"]
[BlackElo "2230"]
[PlyCount "98"]
[EventDate "2022.04.04"]
[EventType "swiss"]
[EventRounds "9"]
[EventCountry "BAN"]
[SourceTitle "CBM 207 Extra"]
[Source "ChessBase"]
[SourceDate "2022.05.31"]
[SourceVersion "1"]
[SourceVersionDate "2022.05.31"]
[SourceQuality "1"]

1. Nf3 c5 2. e3 e6 3. b3 Nf6 4. Bb2 b6 5. d4 Bb7 6. Nbd2 Be7 7. Bd3 d6 8. 0-0 0-0 9. Qe2 Nbd7 10. c4 Qc7 11. Rac1 Rfe8 12. Rfd1 Bf8 13. dxc5 bxc5 14. Nb1 Rad8 15. Nc3 a6 16. Ng5 h6 17. Nge4 Nxe4 18. Bxe4 Nf6 19. Bxb7 Qxb7 20. e4 Nd7 21. f4 Nb8 22. Qf2 Nc6 23. f5 Nd4 24. Rf1 exf5 25. Nd5 Rxe4 26. Bxd4 cxd4 27. Qxf5 Rde8 28. Rcd1 R8e5 29. Qf3 Qa7 30. Rd3 f5 31. h3 Be7 32. Qh5 Bg5 33. Qg6 Qd7 34. Kh2 f4 35. Rdf3 Qf5 36. Qxd6 Kh7 37. h4 Bxh4 38. Nxf4 Qg4 39. Kg1 Rg5 40. Qc6 Re7 41. Rd3 Rge5 42. Qf3 Qxf3 43. Rdxf3 Bg5 44. Rd3 Re4 45. Nd5 R7e5 46. g3 Re2 47. Rf2 Re1+ 48. Rf1 R1e2 49. Rf2 Re1+ 1/2-1/2

[Event "BAN-chT"]
[Site "Dhaka"]
[Date "2022.03.14"]
[Round "5.3"]
[White "Mehdi, Hasan Parag"]
[Black "Sadnan Hasan, Dihan"]
[Result "1/2-1/2"]
[WhiteElo "2233"]
[BlackElo "2132"]
[PlyCount "118"]
[EventDate "2022.03.10"]
[EventType "team-tourn"]
[EventRounds "11"]
[EventCountry "BAN"]
[SourceTitle "CBM 207 Extra"]
[Source "ChessBase"]
[SourceDate "2022.05.31"]
[SourceVersion "1"]
[SourceVersionDate "2022.05.31"]
[SourceQuality "1"]
[WhiteTeam "Bangladesh Police"]
[BlackTeam "Rupali Bank Krira Parisad"]
[WhiteTeamCountry "BAN"]
[BlackTeamCountry "BAN"]

1. e4 e5 2. Nf3 Nc6 3. Bc4 Be7 4. 0-0 Nf6 5. d3 0-0 6. a4 d6 7. Re1 Be6 8. Nc3 Bg4 9. h3 Bxf3 10. Qxf3 Nd4 11. Qd1 c6 12. Ne2 Nxe2+ 13. Qxe2 Re8 14. Bb3 Bf8 15. Bg5 h6 16. Bh4 g5 17. Bg3 Nd7 18. Qh5 Qf6 19. h4 Nc5 20. hxg5 hxg5 21. Ba2 Ne6 22. Re3 Qh6 23. Qg4 Be7 24. Bh2 Kg7 25. Rae1 Rh8 26. Rh3 Qg6 27. Bxe6 Qxe6 28. Qxe6 fxe6 29. Rxh8 Rxh8 30. f3 Bd8 31. g4 Ba5 32. c3 Rc8 33. Kg2 c5 34. Bg1 a6 35. Be3 Bd8 36. Rh1 Bf6 37. Kf2 Rb8 38. Ke2 Rh8 39. Rxh8 Kxh8 40. Kd2 Kg7 41. Kc2 Kf7 42. Kb3 Ke7 43. Kc4 Kd7 44. b4 b6 45. b5 a5 46. Bd2 Kc7 47. Be1 Kd7 48. Bg3 Ke7 49. Bh2 Kd7 50. Bg1 Kc7 51. Be3 Kd7 52. Bd2 Kc7 53. Be3 Kd7 54. d4 exd4 55. cxd4 cxd4 56. Bd2 e5 57. Kd5 Bd8 58. Bc1 Bf6 59. Bb2 Bd8 1/2-1/2